| 000 | 00626nam a2200217Ia 4500 | ||
|---|---|---|---|
| 001 | 12646 | ||
| 003 | GE_BSU | ||
| 008 | 181216s||||||||xx |||||||||||||| ||und|| | ||
| 040 | _cGE_BSU | ||
| 080 | _a634.1(075.8) | ||
| 100 | _aКолесников,В.А. Резниченко, А.Г. Кузнецов,М.Д. Ефимов,В.А. | ||
| 245 | _aПлодоводство | ||
| 245 | _cПод ред. В.А.Колесникова | ||
| 260 | _aМосква | ||
| 260 | _bКолос | ||
| 260 | _c1966 | ||
| 300 | _a430стр.27см.илл. | ||
| 300 | _eТаблицы | ||
| 653 | _aПлодоводство | ||
| 942 | _cBK | ||
| 999 |
_c45817 _d45817 |
||